লোডিং...

Busthan of Sadi

গ্রন্থ-পঞ্জীর বিবরন
প্রধান লেখক: Edwards, A. Hart
বিন্যাস: Printed Book
প্রকাশিত: Sh. Muhammad Ashraf Lahore
বিষয়গুলি:
LEADER 00383nam a2200157 4500
082
100 |a Edwards, A. Hart 
245 |a Busthan of Sadi  |c Edwards, A. Hart 
250
260 |a Sh. Muhammad Ashraf Lahore 
300
490
650 |a Marikar Collection 
942 |c BK 
999 |c 186708  |d 186708 
952 |0 0  |1 0  |4 0  |7 0  |9 200057  |a ISL  |b ISL  |l 0  |p ISL00658  |r 2019-10-28  |w 2019-10-28  |y BK